=LDR 00000nam 2200000 4500 =001 INLIS000000000034049 =005 20130612135952 =008 ***********************************ind** =035 ##$$0010-061300000034049 =041 ##$$a ind =082 ##$$a 634. 6 =090 ##$$a 634. 6, Ruk l =100 ##$$a Rukmana, Rahmat, H =245 ##$$a Leci potensi dan peluang aprobilasi, H. Rahmat Rukmana =260 ##$$a 2008 $b Yogyakarta =300 ##$$a 52 hlm, ilus, 21 cm =650 ##$$a Leci - budidaya =850 ##$$a NBPNMAT